Benelux border bash Quiz Stats

 Plays Quiz not verified by Sporcle

Also try: Iran border bash
Challenge
Share
Tweet
Embed
Score 0/23 Timer 01:00
0 Plays Today
Province % Correct
North Brabant
97.7%
Liege
95.5%
Gelderland
94.3%
Limburg
93.2%
South Holland
92%
Flemish Brabant
90.9%
Flevoland
90.9%
Overijssel
90.9%
Friesland
90.9%
Utrecht
90.6%
Antwerp
89.8%
Namur
89.8%
Province % Correct
Luxembourg
89.8%
Limburg
88.6%
East Flanders
87.5%
Drenthe
86.4%
Groningen
86.4%
Luxembourg
85.2%
Zeeland
81.8%
Walloon Brabant
79.5%
Hainaut
78.4%
West Flanders
73.9%
North Holland
72.7%

You're not logged in!

Compare scores with friends on all Sporcle quizzes.
Join for Free
OR
Log In

You Might Also Like...

Show Comments

Extras

Top Quizzes Today


Score Distribution

Your Account Isn't Verified!

In order to create a playlist on Sporcle, you need to verify the email address you used during registration. Go to your Sporcle Settings to finish the process.

Report this User

Report this user for behavior that violates our Community Guidelines.

Details: